| 000 | 00632nam a2200253 a 4500 | ||
|---|---|---|---|
| 003 | AR-BaBNM | ||
| 005 | 20251128203125.0 | ||
| 008 | 082120s2002 ||||||||||||||000 | spa|| | ||
| 020 | _a950-9380-01-6 | ||
| 040 | _cAR-BaBNM | ||
| 100 | 1 | _aPensa, Carlos | |
| 245 | 0 | 0 | _aDos veces trece, otros poemas y... |
| 250 | _a3ยช ed. | ||
| 260 |
_aBuenos Aires _bElena Canosa Editora _c1985 |
||
| 300 |
_a93 p. _bil. |
||
| 650 | 4 | _aLITERATURA ARGENTINA | |
| 650 | 4 | _aPOESIA | |
| 650 | 4 | _aLITERATURA POPULAR | |
| 650 | 4 | _aESCRITORES | |
| 650 | 4 | _aLITERATURA CONTEMPORANEA | |
| 655 | _aLITERATURA | ||
| 942 | _cBK | ||
| 998 | _cMARTIN | ||
| 999 |
_c2011 _d2011 |
||